000 00713nam a2200193 a 4500
008 120416s2010 ||||||||||||||||| || u
020 _a9789211336900
050 _aUNO(058)
110 _aUnited Nations Organisation (UNO)
245 1 0 _aUnited Nations juridical yearbook, 2009
_cby United Nations Organisation [UNO]
260 _aNew York:
_bUNITED NATIONS
_c2010
300 _axxix, 547p.: ill.
350 _a0.00
362 1 _a<p>2009</p>
650 _aJURISDICTION (INTERNATIONAL LAW)--YEARBOOKS
650 _aUNITED NATIONS--YEARBOOKS
650 _aLAW
995 _FCBU-MAIN LIBRARY (Kitwe)
_I0.00
_M1
_UAVAILABLE
_WMar 18, 2013
_ZInternational Publications
999 _c60839
_d60839